Banská Bystrica číta(la) rada!

Bibliographic Details
Format: Article
Language:Slovak
ISSN:1210-1982
Subjects:

MARC

LEADER 00000nab a2200000 ar4500
001 vtls010126359
003 SK-MaSNL
005 20260304223529.0
008 100826c2010 xo ||||||||||||00 b|slo
015 |a SNBRB2010/08  |2 snkbucl 
038 |a SNKBUCL 
040 |a SNKBUCL  |b slo  |c SNKBUCL  |e AACR2 
041 0 |a slo 
044 |a xo  |c SK 
080 |a 028:061.3  |x (437.6)  |2 2001 
080 |a 027.52  |x (437.6)  |2 2001 
245 0 0 |a Banská Bystrica číta(la) rada!  |c [autor] -mz- 
610 2 7 |a Verejná knižnica Mikuláša Kováča  |2 SNKKA  |9 33817 
611 2 7 |a Banbyčitariáda  |n (4. :  |d 2010 :  |c Banská Bystrica, Slovensko)  |2 snkbucl  |9 1557716 
648 7 |a 2010  |2 snkbucl  |9 324355 
648 7 |a máj 2010  |2 snkbucl  |9 1328822 
650 0 7 |a čítanie  |2 snkbucl  |9 1654 
650 0 7 |a Verejné čítanie  |2 snkbucl  |9 603379 
651 7 |a Banská Bystrica (Slovensko)  |2 snkbucl  |9 22015 
773 0 |t Knižná revue  |g Roč. XX, č. 13 (2010), s. 2  |x 1210-1982 
852 |a SNK  |b KIS3GCP 
958 |a KL 
958 |a SK 
999 |c 3168331  |d 3170261